Größte Städte der Welt außerhalb Asiens - Statistiken

Allgemein
  • Dieses Quiz wurde 331 mal gespielt
  • Das Durchschnittsergebnis liegt bei 32 aus 48
Antwortstatistiken
Bevölkerung Agglomeration % Korrekt
22,1 mio. New York
97%
14,8 mio. London
95%
4,73 mio. Berlin
94%
11,4 mio. Paris
94%
17,7 mio. Los Angeles
92%
6,55 mio. Madrid
92%
21,0 mio. Kairo
90%
23,0 mio. Mexiko-Stadt
90%
17,3 mio. Moskau
90%
16,0 mio. Istanbul
87%
22,4 mio. São Paulo
87%
16,4 mio. Buenos Aires
86%
4,78 mio. Barcelona
81%
9,75 mio. Chicago
81%
13,2 mio. Rio de Janeiro
80%
13,9 mio. Johannesburg
79%
10,1 mio. Lima
78%
7,85 mio. San Francisco
77%
9,60 mio. Bogotá
74%
8,55 mio. Washington D.C. | Baltimore
74%
5,30 mio. Sydney
73%
7,20 mio. Dallas
71%
6,75 mio. Houston
71%
19,4 mio. Lagos
71%
5,65 mio. St. Petersburg
70%
6,40 mio. Miami
69%
7,75 mio. Boston
66%
7,25 mio. Santiago
66%
7,45 mio. Toronto
63%
12,4 mio. Kinshasa
62%
4,95 mio. Melbourne
59%
5,90 mio. Nairobi
58%
7,35 mio. Philadelphia
54%
5,80 mio. Alexandria
52%
6,20 mio. Milan
52%
5,85 mio. Atlanta
50%
8,15 mio. Luanda
48%
4,43 mio. Seattle
48%
4,48 mio. Casablanca
45%
4,70 mio. Phoenix
45%
5,10 mio. Accra
43%
5,75 mio. Detroit
42%
5,00 mio. Belo Horizonte
40%
6,30 mio. Khartum
38%
6,45 mio. Dar es Salaam
34%
5,35 mio. Guadalajara
32%
5,60 mio. Abidjan
29%
5,00 mio. Monterrey
26%
Keine übereinstimmenden Quizze gefunden
Verteilung der Resultate
Anzahl Personen mit jedem Resultat
Perzentil nach korrekt beantworteten Fragen
Ihre Resultats-Entwicklung
Sie haben dieses Quiz noch nicht gespielt